LEADER 00903nam0-22002771i-450- 001 990003453910403321 005 20001010 035 $a000345391 035 $aFED01000345391 035 $a(Aleph)000345391FED01 035 $a000345391 100 $a20000920d1914----km-y0itay50------ba 101 0 $aita 105 $ay-------001yy 200 1 $a<>prima guerra d'Africa. Storia diplomatic a della colonia Eri- trea dalle origini al 1896 sopra documenti dell'archivio Crispi 210 $a$c$d1914 225 1 $a 700 1$aCrispi,$bFrancesco$f<1818-1901>$0137237 801 0$aIT$bUNINA$gRICA$2UNIMARC 901 $aBK 912 $a990003453910403321 952 $aSE 060.07.07-$b6030$fDECSE 959 $aDECSE 996 $aPrima guerra d'Africa. Storia diplomatic a della colonia Eri- trea dalle origini al 1896 sopra documenti dell'archivio Crispi$9445017 997 $aUNINA DB $aING01 LEADER 01389nam 2200373Ia 450 001 9910697439303321 005 20080902164302.0 035 $a(CKB)5470000002388551 035 $a(OCoLC)244795380 035 $a(EXLCZ)995470000002388551 100 $a20080902d2005 ua 0 101 0 $aeng 181 $ctxt$2rdacontent 182 $cc$2rdamedia 183 $acr$2rdacarrier 200 00$aStreamflow characteristics and trends in New Jersey, water years 1897-2003$b[electronic resource] /$fby Kara M. Watson ... [and others] ; in cooperation with the New Jersey Department of Environmental Protection 210 1$aReston, Va. :$cU.S. Dept. of the Interior, U.S. Geological Survey,$d2005. 215 $av, 131 pages $cdigital, PDF file 225 1 $aScientific investigations report ;$v2005-5105 300 $aTitle from PDF t.p. (viewed on Sept. 2, 2008). 606 $aStream measurements$zNew Jersey 606 $aStreamflow$zNew Jersey 615 0$aStream measurements 615 0$aStreamflow 701 $aWatson$b Kara M$01385946 712 02$aNew Jersey.$bDepartment of Environmental Protection. 712 02$aGeological Survey (U.S.) 801 0$bGPO 801 1$bGPO 801 2$bGPO 906 $aBOOK 912 $a9910697439303321 996 $aStreamflow characteristics and trends in New Jersey, water years 1897-2003$93476438 997 $aUNINA